000 00252nam a2200097Ia 4500
001 939970
005 20250826215237.0
008 250824s9999 xx 000 0 und d
245 0 _aSÜPER STAR HAYVANLAR
_cALİNE ALEXANDER NEWMAN
260 _bBETA YAYINLARI
999 _c939970
_d939970